Карантин: роман

Bibliographic Details
Main Author: Малицкий С. Сергей
Summary:Механик, мастер — золотые руки, никогда не просил у судьбы взаймы и не предполагал, что ему придется отдавать чужие долги. Но время его счастливой жизни подходит к концу. Жена исчезает. Он — в опасности. Беда накатывает со всех сторон и захлестывает с головой. Он пытается понять, что происходит, но те, у кого можно получить ответ, растворяются в воздухе.
Language:Russian
Published: Москва, Армада, 2010
Series:Фантастический боевик
Subjects:
Format: Book
KOHA link:https://koha.lib.tpu.ru/cgi-bin/koha/opac-detail.pl?biblionumber=202127

MARC

LEADER 00000nam0a2200000 4500
001 202127
005 20231031185259.0
010 |a 9785992206913 
035 |a (RuTPU)RU\TPU\book\220279 
090 |a 202127 
100 |a 20111006d2010 m y0rusy50 ca 
101 0 |a rus 
102 |a RU 
105 |a y z 000ay 
200 1 |a Карантин  |e роман  |f С. Малицкий 
210 |a Москва  |c Армада  |d 2010 
215 |a 316 с. 
225 1 |a Фантастический боевик 
330 |a Механик, мастер — золотые руки, никогда не просил у судьбы взаймы и не предполагал, что ему придется отдавать чужие долги. Но время его счастливой жизни подходит к концу. Жена исчезает. Он — в опасности. Беда накатывает со всех сторон и захлестывает с головой. Он пытается понять, что происходит, но те, у кого можно получить ответ, растворяются в воздухе. 
610 1 |a русская литература 
610 1 |a романы 
610 1 |a фантастика 
610 1 |a боевики 
675 |a Р2  |v 3 
700 1 |a Малицкий  |b С.  |g Сергей 
801 1 |a RU  |b 63413507  |c 20111006 
801 2 |a RU  |b 63413507  |c 20111017  |g RCR 
942 |c BK